Culture Générale - Série 1873 - Statistiques

Statistiques générales
  • Ce quiz a été pris 121 fois
  • Le résultat moyen est 5 sur 10
Statistiques - réponses
Question Réponse % Correct
Complétez le titre du film de Luc Besson réalisé en 1997 avec Bruce Willis : " Le cinquième .... élément
96%
Quel animal le roi François 1er avait-il pris pour emblème ? voir photo salamandre
82%
Dans la mythologie grecque, de quelle île Minos était-il le roi ? Crète
71%
Quel pays a remporté la coupe du monde de rugby en 1995 ? Afrique du Sud
61%
Indication qui pousse le lecteur à se reporter à un autre passage du texte ou à un autre livre. Abréviation : cf confer
58%
La personne qui donne de l'argent à contre-coeur, elle crache au .... bassinet
46%
Dans la mythologie grecque, quel roi était le père de Thésée ? Egée
39%
Quelle est la capitale de l'état du Wyoming des Etats Unis ? Cheyenne
25%
Complétez le titre du film réalisé en 2017 par Mahamat-Saleh Haroun avec Sandrine Bonnaire et Eriq Ebouaney : "Une saison en ... France
23%
Dans un jeu de cartes, comment s'appelle le valet de trèfle ? Lancelot
23%
Aucun quiz correspondant
Distribution des résultats
% des personnes avec chaque résultat
Percentile par nombre de réponses
Votre historique - résultats
Vous n’avez pas pris ce quiz